Planning of aquaculture development : An introductory guide
This text is an attempt to examine the basic considerations in planning aquaculture development and is intended to assist administrators and investors in making appropriate decisions on the form and level of the industry to be supported.
محفوظ في:
| المؤلف الرئيسي: | |
|---|---|
| التنسيق: | كتاب |
| اللغة: | Undetermined |
| منشور في: |
Rome
FAO
1974
|
| الموضوعات: | |
| الوسوم: |
إضافة وسم
لا توجد وسوم, كن أول من يضع وسما على هذه التسجيلة!
|
| Thư viện lưu trữ: | Trung tâm Học liệu Trường Đại học Cần Thơ |
|---|
| LEADER | 00848nam a2200217Ia 4500 | ||
|---|---|---|---|
| 001 | CTU_159968 | ||
| 008 | 210402s9999 xx 000 0 und d | ||
| 082 | |a 338.3713 | ||
| 082 | |b P641 | ||
| 100 | |a Pillay, T. V. R. | ||
| 245 | 0 | |a Planning of aquaculture development : | |
| 245 | 3 | |b An introductory guide | |
| 245 | 0 | |c Prepared by T. V. R. Pillay | |
| 260 | |a Rome | ||
| 260 | |b FAO | ||
| 260 | |c 1974 | ||
| 520 | |a This text is an attempt to examine the basic considerations in planning aquaculture development and is intended to assist administrators and investors in making appropriate decisions on the form and level of the industry to be supported. | ||
| 650 | |a Thủy sản,Aquaculture | ||
| 650 | |x Khía cạnh kinh tế,Economic aspects | ||
| 904 | |i Hồng, Năm | ||
| 980 | |a Trung tâm Học liệu Trường Đại học Cần Thơ | ||